Logistics and retail management : emerging issues and new challenges in the retail supply chain / (Record no. 9014)
[ view plain ]
| 000 -LEADER | |
|---|---|
| fixed length control field | 01374nam a22001937a 4500 |
| 005 - DATE AND TIME OF LATEST TRANSACTION | |
| control field | 20220613111209.0 |
| 008 - FIXED-LENGTH DATA ELEMENTS--GENERAL INFORMATION | |
| fixed length control field | 220613b ||||| |||| 00| 0 eng d |
| 020 ## - INTERNATIONAL STANDARD BOOK NUMBER | |
| International Standard Book Number | 9780749454074 |
| 050 ## - LIBRARY OF CONGRESS CALL NUMBER | |
| Classification number | HD38.5.L614(3e) |
| 245 ## - TITLE STATEMENT | |
| Title | Logistics and retail management : emerging issues and new challenges in the retail supply chain / |
| Statement of responsibility, etc. | edited by John Fernie and Leigh Sparks. |
| 250 ## - EDITION STATEMENT | |
| Edition statement | 3rd ed. |
| 260 ## - PUBLICATION, DISTRIBUTION, ETC. | |
| Place of publication, distribution, etc. | London : |
| Name of publisher, distributor, etc. | Kogan Page, |
| Date of publication, distribution, etc. | 2009. |
| 300 ## - PHYSICAL DESCRIPTION | |
| Extent | xix, 284 p. : |
| Other physical details | ill. ; |
| Dimensions | 24 cm. |
| 500 ## - GENERAL NOTE | |
| General note | Includes index. |
| 505 ## - FORMATTED CONTENTS NOTE | |
| Formatted contents note | Contents : Part 1 : Concepts in retail logistics and supply chain management : Retail logistics : changes and challenges -- Relationships in the supply chain -- The internationalization of the retail supply chain-- Part 2 : Non-food (fashion) logistics : Market orientation and supply chain management in the fashion industry -- Fashion logistics and quick response -- Agile merchandizing in European textile fashion industry -- Part 3 : Food logistics : Tesco's supply chain management -- Temperature controlled supply chains -- On- shelf availability in UK grocery retailing : a case study -- Part 4 : Emerging issues : technology and environmental logistics : The development of e-tail logistics -- RFID : transforming technology? -- The greening of retail logistics. |
| 700 ## - ADDED ENTRY--PERSONAL NAME | |
| Personal name | Fernie, John. |
| 700 ## - ADDED ENTRY--PERSONAL NAME | |
| Personal name | Sparks, Leigh. |
| 942 ## - ADDED ENTRY ELEMENTS (KOHA) | |
| Source of classification or shelving scheme | Library of Congress Classification |
| Koha item type | Books |
| Withdrawn status | Lost status | Source of classification or shelving scheme | Damaged status | Not for loan | Home library | Current library | Shelving location | Date acquired | Total Checkouts | Full call number | Barcode | Date last seen | Copy number | Price effective from | Koha item type |
|---|---|---|---|---|---|---|---|---|---|---|---|---|---|---|---|
| Library of Congress Classification | WISCONSIN INTERNATIONAL UNIVERSITY COLLEGE, GHANA - MAIN LIBRARY | WISCONSIN INTERNATIONAL UNIVERSITY COLLEGE, GHANA - MAIN LIBRARY | Reference | 13/06/2022 | HD38.5.L614(3e) | 9225/674/22 | 13/06/2022 | 1 | 13/06/2022 | Books | |||||
| Library of Congress Classification | WISCONSIN INTERNATIONAL UNIVERSITY COLLEGE, GHANA - MAIN LIBRARY | WISCONSIN INTERNATIONAL UNIVERSITY COLLEGE, GHANA - MAIN LIBRARY | Reference | 13/06/2022 | HD38.5.L6141(3e) | 9226/675/22 | 13/06/2022 | 2 | 13/06/2022 | Books | |||||
| Library of Congress Classification | WISCONSIN INTERNATIONAL UNIVERSITY COLLEGE, GHANA - MAIN LIBRARY | WISCONSIN INTERNATIONAL UNIVERSITY COLLEGE, GHANA - MAIN LIBRARY | Reference | 13/06/2022 | HD38.5.L6142(3e) | 9227/676/22 | 13/06/2022 | 3 | 13/06/2022 | Books | |||||
| Library of Congress Classification | WISCONSIN INTERNATIONAL UNIVERSITY COLLEGE, GHANA - MAIN LIBRARY | WISCONSIN INTERNATIONAL UNIVERSITY COLLEGE, GHANA - MAIN LIBRARY | Reference | 13/06/2022 | HD38.5.L6143(3e) | 9228/677/22 | 13/06/2022 | 4 | 13/06/2022 | Books |
